Career information : marketing & distribution.

Bibliographic Details
Corporate Author: American Vocational Association
Format: Book
Language:English
Published: Washington : The Association, [1975?]
Washington, D.C. : [1975?]
Edition:[Rev. ed.].
Subjects:

MARC

Tag First Indicator Second Indicator Subfields
LEADER 00000cam a2200000 a 4500
001 in00000076761
005 20151008053752.0
008 761123s1975 wau 000 0 eng d
019 |a 6738409 
035 |a (OCoLC)2576032 
040 |a IQU  |b eng  |c IQU  |d IML  |d OCLCQ  |d OCLCO  |d OCLCF  |d OCLCO  |d OCLCQ 
043 |a n-us--- 
049 |a JLFA 
050 4 |a HF5415  |b .A5x 1975 
082 0 4 |a 373.2465 
090 |a HF5415.4  |b .C3 
092 |a 373.2465 
110 2 |a American Vocational Association. 
245 0 0 |a Career information :  |b marketing & distribution. 
245 1 0 |a Career information :  |b marketing & distribution. 
250 |a [Rev. ed.]. 
260 |a Washington :  |b The Association,  |c [1975?] 
264 1 |a Washington, D.C. :  |b The Association,  |c [1975?] 
300 |a 22 pages :  |b tables ;  |c 28 cm 
336 |a text  |b txt  |2 rdacontent 
337 |a unmediated  |b n  |2 rdamedia 
338 |a volume  |b nc  |2 rdacarrier 
500 |a Cover title. 
504 |a Bibliography: pages 19-20. 
650 0 |a Salesmen and salesmanship  |x Vocational guidance. 
710 2 |a American Vocational Association. 
999 |a MARS 
999 f f |s 006bc80b-abae-35f4-babb-fb7b43edfec1  |i 2cbd274f-651e-3eb2-b3a7-0755e3cdf1ca  |t 0 
952 f f |p ric  |a Texas A&M University  |b Rellis Campus  |c Joint Library Facility  |s JLF  |d Remote Storage  |t 0  |e HF5415.4 .C3  |h Library of Congress classification  |i unmediated -- volume  |m A14806134587